000
00331nam a2200133Ia 4500
008
240624s9999 xx 000 0 und d
041
_a
eng
082
_a
004.6 KES
100
_a
KESHAV S
245
_a
ENGINEERING APPROACH TO COMPUTER NETWORK
260
_c
2004
_a
New Delhi
_b
Pearson Education
300
_a
xviii, : 660
365
_c
RS
999
_c
829
_d
829